000 00420nam a2200181Ia 4500
008 210210b1958 xxu||||| |||| 00| 0 eng d
041 _aeng
082 _a540 STEG
100 _aSTEINER (L E)
245 _aGeneral chemistry
260 _aNew York
_bThe Macmillan Co.
_c1958
300 _ax,675
650 _aGeneral
650 _achemistry
690 _aChemistry
700 _aCAMPBELL (J A)
906 _a009244
999 _c148493
_d148493